000 00508nam a22001697a 4500
003 OSt
005 20221110145140.0
008 221006b |||||||| |||| 00| 0 eng d
020 _a1-876509 31 7
040 _cBiblioteca Lado V
082 _a700.74
_bS451a
100 _9360
_aSeear, Lynne
_eeditor
245 _aAPT/
_bAsia-Pacific Triennial of Contemporary Art/
260 _aAustralia
_c2002
_bQueensland Art Gallery
300 _c24x31cm
_a156p.
942 _2ddc
_c1
_h700.74
_iS451a
_n0
999 _c2556
_d2556